[Event "Baden VLN 0304"]
[Site "Baden"]
[Date "2004.04.04"]
[Round "8.3"]
[White "Egartner, Wolfgang"]
[Black "Golf, Ekkehard"]
[Result "0-1"]
[WhiteElo "2124"]
[BlackElo "2143"]
[PlyCount "132"]
[EventDate "2003.10.12"]
[EventType "team-tourn"]
[EventRounds "9"]
[EventCountry "GER"]
[SourceTitle "EXT 2022"]
[Source "ChessBase"]
[SourceDate "2021.10.06"]
[SourceVersion "1"]
[SourceVersionDate "2021.10.06"]
[SourceQuality "1"]
[WhiteTeam "Neckargemuend"]
[BlackTeam "Lampertheim"]
[WhiteTeamCountry "GER"]
[BlackTeamCountry "GER"]

1. d4 e6 2. c4 d5 3. Nf3 c6 4. g3 Nf6 5. Bg2 Bb4+ 6. Bd2 Bd6 7. Nc3 0-0 8. 0-0 Re8 9. Bg5 Nbd7 10. e4 dxe4 11. Nxe4 Be7 12. Nc3 Qa5 13. a3 e5 14. dxe5 Nxe5 15. Nxe5 Qxe5 16. Bf4 Qc5 17. Rc1 Bg4 18. Qb3 Qb6 19. Qxb6 axb6 20. Rfe1 Bc5 21. Ne4 Nxe4 22. Rxe4 Rxe4 23. Bxe4 Re8 24. Bd3 Bd4 25. Rb1 f6 26. b3 Bf3 27. Bf1 g5 28. Bd2 Kf7 29. Bg2 Bxg2 30. Kxg2 Re2 31. Be1 g4 32. a4 Ke6 33. Kf1 Ra2 34. Rd1 Ke5 35. Rd2 Rxd2 36. Bxd2 Ke4 37. Ke2 h5 38. Bf4 h4 39. Bc7 h3 40. Bd8 f5 41. Bc7 Bc5 42. Bd8 f4 43. gxf4 Kxf4 44. Bc7+ Ke4 45. Bb8 Kd4 46. f3 gxf3+ 47. Kxf3 Kc3 48. Kg4 Kxb3 49. Kxh3 Kxa4 50. Kg4 Bd4 51. Kf5 b5 52. cxb5 Kxb5 53. h4 c5 54. h5 c4 55. Ke4 Bg7 56. Bf4 c3 57. h6 Bh8 58. h7 Kb4 59. Be5 c2 60. Bf4 Kc4 61. Bc1 b5 62. Ke3 Kc3 63. Bd2+ Kb2 64. Ke4 b4 65. Kd5 b3 66. Kc4 Ka2 0-1

[Event "Baden VLN 0304"]
[Site "Baden"]
[Date "2004.02.29"]
[Round "6.2"]
[White "Pielmeier, Thomas"]
[Black "Golf, Ekkehard"]
[Result "1-0"]
[WhiteElo "2183"]
[BlackElo "2143"]
[PlyCount "101"]
[EventDate "2003.10.12"]
[EventType "team-tourn"]
[EventRounds "9"]
[EventCountry "GER"]
[SourceTitle "EXT 2022"]
[Source "ChessBase"]
[SourceDate "2021.10.06"]
[SourceVersion "1"]
[SourceVersionDate "2021.10.06"]
[SourceQuality "1"]
[WhiteTeam "Heidelberg II"]
[BlackTeam "Lampertheim"]
[WhiteTeamCountry "GER"]
[BlackTeamCountry "GER"]

1. e4 e6 2. d4 d5 3. Nd2 dxe4 4. Nxe4 Nd7 5. Nf3 Ngf6 6. Nxf6+ Nxf6 7. Bd3 Bd7 8. Ne5 c5 9. dxc5 Bxc5 10. 0-0 Qb6 11. c3 Rd8 12. Bg5 Bb5 13. c4 Bc6 14. Qe2 Bd4 15. Bxf6 gxf6 16. Nxc6 bxc6 17. Rab1 a5 18. a3 c5 19. Bc2 Ke7 20. Kh1 h5 21. f4 h4 22. Rf3 h3 23. g4 Rb8 24. Be4 Rh4 25. g5 Rg4 26. gxf6+ Kxf6 27. f5 e5 28. Rxh3 Rbg8 29. Rh6+ Ke7 30. Qxg4 Rxg4 31. Rxb6 Rxe4 32. f6+ Kd7 33. Ra6 Rf4 34. Rxa5 e4 35. b4 e3 36. Re1 Rf2 37. Ra7+ Ke6 38. Re7+ Kxf6 39. Re8 Ra2 40. b5 Rxa3 41. Rb1 Ra7 42. b6 Rb7 43. Kg2 Kg5 44. Kf3 f5 45. Re6 f4 46. Ke4 e2 47. Kf3 Kf5 48. Rxe2 Rh7 49. b7 Rh3+ 50. Kg2 Kg4 51. Re4 1-0

[Event "Baden VLN 0304"]
[Site "Baden"]
[Date "2003.11.09"]
[Round "2.2"]
[White "Haas, Frank Martin"]
[Black "Golf, Ekkehard"]
[Result "0-1"]
[WhiteElo "2175"]
[BlackElo "2143"]
[PlyCount "120"]
[EventDate "2003.10.12"]
[EventType "team-tourn"]
[EventRounds "9"]
[EventCountry "GER"]
[SourceTitle "EXT 2022"]
[Source "ChessBase"]
[SourceDate "2021.10.06"]
[SourceVersion "1"]
[SourceVersionDate "2021.10.06"]
[SourceQuality "1"]
[WhiteTeam "Walldorf"]
[BlackTeam "Lampertheim"]
[WhiteTeamCountry "GER"]
[BlackTeamCountry "GER"]

1. e4 e6 2. d4 d5 3. Nd2 dxe4 4. Nxe4 Nd7 5. Bd3 Ngf6 6. Qe2 a6 7. Nf3 Be7 8. Nxf6+ Bxf6 9. c3 c5 10. d5 Nb6 11. dxe6 Bxe6 12. Bf5 Qe7 13. Bxe6 Qxe6 14. Qxe6+ fxe6 15. 0-0 Rd8 16. Re1 Kf7 17. Bf4 Rd5 18. Rad1 Rhd8 19. Rxd5 Rxd5 20. h4 h6 21. g3 Nd7 22. c4 Rd3 23. Ne5+ Nxe5 24. Bxe5 Rd2 25. a4 b6 26. b3 Rd3 27. Bxf6 Kxf6 28. Rb1 a5 29. Kf1 Ke5 30. Re1+ Kf5 31. Rb1 e5 32. Rb2 Ke4 33. Ke2 h5 34. Rb1 Kd4 35. g4 hxg4 36. Rg1 Rxb3 37. Rxg4+ e4 38. Rxg7 Kxc4 39. h5 Rh3 40. Re7 Rxh5 41. Rxe4+ Kd5 42. Rg4 c4 43. f4 Rh2+ 44. Ke3 Rh3+ 45. Kd2 Rb3 46. f5 Rb4 47. Rg6 Ke5 48. f6 Ke6 49. Rh6 Kf7 50. Kc3 Rxa4 51. Rh7+ Kf8 52. Rh8+ Kf7 53. Rh7+ Kg8 54. Rb7 Rb4 55. Kd4 b5 56. Ke5 Rb1 57. Kf5 c3 58. Rb8+ Kf7 59. Rb7+ Ke8 60. Rc7 b4 0-1

[Event "Baden-ch"]
[Site "Waldshut"]
[Date "2002.03.31"]
[Round "3"]
[White "Golf, Ekkehard"]
[Black "Schlenker, Joerg"]
[Result "0-1"]
[WhiteElo "2161"]
[BlackElo "2248"]
[PlyCount "80"]
[EventDate "2002.03.29"]
[EventType "swiss"]
[EventRounds "9"]
[EventCountry "GER"]
[SourceTitle "EXT 2003"]
[Source "ChessBase"]
[SourceDate "2002.11.25"]
[SourceVersion "1"]
[SourceVersionDate "2002.11.25"]
[SourceQuality "1"]

1. e4 e5 2. Nf3 f5 3. Nxe5 Qf6 4. d4 d6 5. Nc4 fxe4 6. Nc3 Qg6 7. Ne3 c6 8. Be2 Nf6 9. d5 Be7 10. b3 0-0 11. Bb2 Nbd7 12. Qd2 c5 13. h4 Ne5 14. h5 Qh6 15. 0-0-0 a6 16. Na4 Nfd7 17. Nc3 Rxf2 18. Nxe4 Rf4 19. Bd3 Rxe4 20. Bxe4 Bg5 21. Rde1 Ng4 22. Kb1 Bxe3 23. Qe2 Nde5 24. Bxe5 dxe5 25. Bf3 Bd4 26. Bxg4 c4 27. Rd1 Qf4 28. Rh4 Bf5 29. d6 cxb3 30. Qc4+ Kh8 31. Bxf5 bxc2+ 32. Qxc2 Qxh4 33. d7 Rd8 34. g4 Qf6 35. Qb3 g6 36. hxg6 hxg6 37. Qe6 Kg7 38. Rc1 gxf5 39. Qe8 Qb6+ 40. Kc2 Qc6+ 0-1

[Event "Baden-ch"]
[Site "Waldshut"]
[Date "2002.03.30"]
[Round "2"]
[White "Mehne, Claudius"]
[Black "Golf, Ekkehard"]
[Result "0-1"]
[WhiteElo "2145"]
[BlackElo "2161"]
[PlyCount "70"]
[EventDate "2002.03.29"]
[EventType "swiss"]
[EventRounds "9"]
[EventCountry "GER"]
[SourceTitle "EXT 2003"]
[Source "ChessBase"]
[SourceDate "2002.11.25"]
[SourceVersion "1"]
[SourceVersionDate "2002.11.25"]
[SourceQuality "1"]

1. e4 e6 2. Nc3 d5 3. Nf3 dxe4 4. Nxe4 Bd7 5. d4 Bc6 6. Bd3 Nd7 7. Bg5 Be7 8. Qe2 Bxe4 9. Bxe4 Bxg5 10. h4 Bf6 11. g4 c6 12. g5 Be7 13. 0-0-0 Qc7 14. Kb1 0-0-0 15. c4 Bd6 16. d5 Ne7 17. Nd4 e5 18. dxc6 bxc6 19. c5 Nxc5 20. Nxc6 Nxc6 21. Rc1 Nxe4 22. Qxe4 Kd7 23. Rh3 Rb8 24. Qd5 Rhf8 25. f4 Qb6 26. Rb3 Nb4 27. Qe4 Qa6 28. a3 Nc6 29. Rbc3 Rb6 30. fxe5 Bxe5 31. Qf5+ Ke7 32. Rd1 Qc8 33. Qe4 Qe6 34. Rcd3 Rxb2+ 35. Kc1 Rc2+ 0-1

[Event "Baden-ch"]
[Site "Waldshut"]
[Date "2002.03.29"]
[Round "1"]
[White "Golf, Ekkehard"]
[Black "Ketterer, Christian"]
[Result "0-1"]
[WhiteElo "2161"]
[BlackElo "2276"]
[PlyCount "83"]
[EventDate "2002.03.29"]
[EventType "swiss"]
[EventRounds "9"]
[EventCountry "GER"]
[SourceTitle "EXT 2003"]
[Source "ChessBase"]
[SourceDate "2002.11.25"]
[SourceVersion "1"]
[SourceVersionDate "2002.11.25"]
[SourceQuality "1"]

1. e4 e5 2. Bc4 Nf6 3. d3 c6 4. Nc3 d5 5. Bb3 Bb4 6. Bd2 0-0 7. a3 Bxc3 8. Bxc3 dxe4 9. dxe4 Nxe4 10. Qxd8 Rxd8 11. Bxe5 Re8 12. 0-0-0 Nxf2 13. Rf1 Rxe5 14. Rxf2 Re1+ 15. Kd2 Re7 16. Nf3 Be6 17. Re1 Nd7 18. Bxe6 Rxe6 19. Rxe6 fxe6 20. Ng5 Nf8 21. Kc3 Rd8 22. Re2 Rd6 23. Kc4 b6 24. Rf2 Rd5 25. Ne4 Nd7 26. h4 h6 27. b4 a5 28. Kb3 Rd4 29. Rd2 Rxd2 30. Nxd2 axb4 31. axb4 Kf7 32. Kc4 Kf6 33. b5 c5 34. Kd3 Kf5 35. Ke3 Kg4 36. Ne4 Kxh4 37. Kf4 Kh5 38. Nd6 g5+ 39. Ke4 Kg4 40. Nf7 h5 41. Ne5+ Nxe5 42. Kxe5 0-1